000 00480nam a2200181Ia 4500
005 20250326124504.0
008 250326s9999 xx 000 0 und d
037 _aTextbook
040 _aFMSL
_beng
_cFMSL
041 _aeng
_2eng
084 _aX:8 K43
_qFMSL
100 _aRandall C B
_9737486
245 0 _aMarking good in management
_cRandall C B
260 _aNY
_bNY, McGraw-Hill
_c1964
300 _a159p
942 _cTB
_hX:8 K43
999 _c1273916
_d1273916